| Поле | Инд. | ПП | Название | Значение |
|---|---|---|---|---|
| Тип записи | a | |||
| Библиографический уровень | b | |||
| 001 | Контрольный номер | RU/IS/BASE/294407197 | ||
| 005 | Дата корректировки | 20200522191325.3 | ||
| 008 | Кодируемые данные | 20090430 | ||
| 040 | b | Код языка каталог. | rus | |
| e | Правила каталог. | PSBO | ||
| 041 | 0_ | a | Код языка текста | rus |
| 084 | a | Индекс другой классификации/Индекс ББК | 83.3(4Вел)5-004 | |
| 100 | 1_ | a | Автор | Волкова А. Г. |
| 245 | 11 | a | Заглавие | "Творец виден через творение": творчество Джорджа Герберта и францисканская традиция |
| 504 | a | Библиография | Библиогр.: с. 165 | |
| 600 | 14 | a | Персоналии | Герберт Джордж |
| 650 | 14 | a | Основная рубрика | история литературы |
| a | Основная рубрика | литературоведение | ||
| a | Основная рубрика | филологические науки | ||
| 653 | 0_ | a | Ключевые слова | XVII век |
| a | Ключевые слова | Англия | ||
| a | Ключевые слова | Великобритания | ||
| a | Ключевые слова | поэзия | ||
| a | Ключевые слова | религиозная поэзия | ||
| a | Ключевые слова | религия | ||
| a | Ключевые слова | стихотворения | ||
| a | Ключевые слова | францисканство | ||
| 773 | 08 | t | Заглавие источника | Вестник Московского университета. Серия 9, Филология |
| d | Дата издания источника | 2008 | ||
| g | Прочая информация | № 6. - С. 160 - 165 | ||
| w | Контрольный № источника | RU/IS/BASE/293109115 | ||
| 901 | t | Тип документа | b |